• 首页
  • 本馆介绍
  • 公告通知
  • 最新文献
  • 馆藏检索
  • 电子资源
  • 读者导购
  • 参考咨询
  • 我的图书馆
  • 登录
  • 详细信息显示
  • 放入我的书架
  • 预约/预借图书
  • 作者相关作品
  • 分类相关作品
  • 丛书相关作品
  • 出版社相关作品

书目信息

  • 表格格式
  • 工作单格式
  • 卡片格式
题名:
第三帝国的旅人
    
 
作者: 博伊德 著 ;贾令仪 译
分册:  
出版信息: 北京   北京大学出版社  2020
页数: 512页
开本: 21cm
丛书名:
单 册:
中图分类: K516.09 , K516
科图分类:
主题词:
电子资源:
ISBN: 978-7-301-31102-8
000 01352nam0 2200277 450
001 2259379259
005 20220927163011.87
010    @a978-7-301-31102-8@b精装@dCNY98.00
100    @a20200930d2020 em y0chiy50 ea
101 1  @achi@ceng
102    @aCN@b110000
105    @aa az 001yy
200 1  @a第三帝国的旅人@9di san di guo de lu ren@dTravellers in the third reich: the rise of fascism through the eyes of everyday people@f(英)朱莉娅·博伊德(Julia Boyd)著@g贾令仪译@zeng
210    @a北京@c北京大学出版社@d2020
215    @a512页@c图@d21cm
314    @a朱莉娅·博伊德,Julia Boyd。英国当代有名作家,阅历丰富的资深历史研究者,曾供职于维多利亚·阿尔伯特博物馆(V&A),乐于在世界各地遍查档案,对手的文献和素材进行精心研究,提炼出角度新颖且意义非凡的非虚构主题,创作成书。
320    @a有书目(第427-437页)和索引
330    @a这本书描述了两次世界大战之间发生在德国的事情。全书基于真实人物的第一手记叙。作者查找到大量未发表过的日记和信件,生动地展示出纳粹德国的全新形象,希望能优化甚至挑战读者现有的看法。
510 1  @aTravellers in the third reich : the rise of fascism through the eyes of everyday people@zeng
607    @a德国@x历史@j通俗读物
690    @aK516.09@v5
690    @aK516@v4
701  1 @c(英)@a博伊德@9bo yi de@c(Boyd, Julia)@4著
702  0 @a贾令仪@9jia ling yi@4译
801  0 @aCN@b91MARC@c20201205
905    @aZUCC@dK516@e5
    
    第三帝国的旅人=Travellers in the third reich: the rise of fascism through the eyes of everyday people/(英)朱莉娅·博伊德(Julia Boyd)著/贾令仪译.-北京:北京大学出版社,2020
    512页:图;21cm
    
    
    ISBN 978-7-301-31102-8(精装):CNY98.00
    这本书描述了两次世界大战之间发生在德国的事情。全书基于真实人物的第一手记叙。作者查找到大量未发表过的日记和信件,生动地展示出纳粹德国的全新形象,希望能优化甚至挑战读者现有的看法。
●
相关链接 在五车中查询图书 在当当中查询图书 在豆瓣中查询图书


正题名:第三帝国的旅人     索取号:K516/5         预约/预借

序号 登录号 条形码 馆藏地/架位号 状态 备注
1 2000903017   2000903017   第三书库/ [索取号:K516/5] 在馆    
2 2000903018   2000903018   第三书库/ [索取号:K516/5] 在馆    
3 2000903019   2000903019   第三书库/ [索取号:K516/5] 在馆    
山东省滨州职业学院图书馆 欢迎您!
大连网信软件有限公司© 版权所有